000 00879cam a22001815a 4500
001 L156350
008 120515s1672 it f 000 0 eng d
035 _a(Sirsi) u156350
041 0 _aita
100 1 _aCapra, Alessandro
245 0 0 _aNuova architettura dell'agrimensura di terre, et acque di Alessandro Capra architetto cremonese
_bnel quale si da avvertimenti necessari tanto per governar terre, quanto per saperle comprar e vendere : si apporta il modo di far consegne e riconsegne per i fittabili e parimente la misura delle acque correnti : et il rimedio per oviare alla corrosione del fiume Po
260 _aIn Cremona
_bPer Paolo Puerone
_c[1672]
300 _a[12], 88 p., [1] folded leaf of plates
_bill., port.
_c21 cm.
583 _aCondition reviewed
_c20120620
_lcondition level 1
651 4 _aInternational
690 _aDesign and specification
942 _n0
999 _c114199
_d114199